Исследование поверхностных планетарных волн в атмосфере: автореферат диссертации на соискание ученой степени кандидата физико-математических наук; спец. 25.00.30

מידע ביבליוגרפי
מחבר ראשי: Лукинов А. А. Алексей Александрович
מחבר תאגידי: Северо-Кавказский федеральный университет (СКФУ)
מחברים אחרים: Закинян Р. Г. Роберт Гургенович (научный руководитель)
סיכום:Защита сост. 31.07.2015 г.
שפה:רוסית
יצא לאור: Нальчик, [Б. и.], 2015
נושאים:
פורמט: MixedMaterials ספר
KOHA link:https://koha.lib.tpu.ru/cgi-bin/koha/opac-detail.pl?biblionumber=307319

MARC

LEADER 00000nam0a2200000 4500
001 307319
005 20231102002001.0
035 |a (RuTPU)RU\TPU\book\332612 
090 |a 307319 
100 |a 20151019d2015 k y0rusy50 ca 
101 0 |a rus 
102 |a RU 
105 |a a dm 001zy 
200 1 |a Исследование поверхностных планетарных волн в атмосфере  |e автореферат диссертации на соискание ученой степени кандидата физико-математических наук  |e спец. 25.00.30  |f А. А. Лукинов  |g Северо-Кавказский федеральный университет (СКФУ) ; науч. рук. Р. Г. Закинян 
210 |a Нальчик  |c [Б. и.]  |d 2015 
215 |a 16 с.  |c ил. 
300 |a Защита сост. 31.07.2015 г. 
320 |a Библиогр.: с. 16 (6 назв.). 
606 1 |a Метеорологические наблюдения  |2 stltpush  |3 (RuTPU)RU\TPU\subj\43445  |9 62944 
610 1 |a атмосфера 
610 1 |a волновые движения 
610 1 |a анализ 
610 1 |a математические методы 
610 1 |a линейные гравитационные волны 
610 1 |a поверхностные волны 
610 1 |a воздушные частицы 
610 1 |a перегрев 
610 1 |a волны Россби-Блиновой 
610 1 |a авторефераты диссертаций 
675 |a 551.501(04)  |v 3 
686 |a 25.00.30  |2 oksvnk 
700 1 |a Лукинов  |b А. А.  |g Алексей Александрович 
702 1 |a Закинян  |b Р. Г.  |g Роберт Гургенович  |4 727 
712 0 2 |a Северо-Кавказский федеральный университет (СКФУ)  |c (Ставрополь)  |c (2012- )  |2 stltpush  |3 (RuTPU)RU\TPU\col\19233 
801 1 |a RU  |b 63413507  |c 20151019 
801 2 |a RU  |b 63413507  |c 20151027  |g RCR 
942 |c BK